Criteria for earthquake resistant design of structures (Record no. 73611)

MARC details
000 -LEADER
fixed length control field 00362nam a2200121Ia 4500
245 #0 - TITLE STATEMENT
Title Criteria for earthquake resistant design of structures
260 ## - PUBLICATION, DISTRIBUTION, ETC. (IMPRINT)
Place of publication New Delhi
260 ## - PUBLICATION, DISTRIBUTION, ETC. (IMPRINT)
Year of publication 1984
Name of publisher Bureau of Indian Standards
500 ## - GENERAL NOTE
General note Standard number: IS 1893
650 ## - SUBJECT ADDED ENTRY--TOPICAL TERM
Topical Term Earthquake resistant structures
942 ## - ADDED ENTRY ELEMENTS (KOHA)
Koha item type Standards
Holdings
Withdrawn status Lost status Damaged status Not for loan Home library Current library Date acquired Koha item type
      Standards RRII Library RRII Library 31/12/2021 Standards